Central American Countries - Sudden Death - Statistics

General Stats
  • This quiz has been taken 106 times
  • The average score is 4 of 7
Answers on the Grid
Answers color-coded by a green-red scale on the quiz's grid according to % correct below.
Belize
Costa Rica
El Salvador
Guatemala
Honduras
Nicaragua
Panama
Mexico
United States
Canada
Paraguay
Ecuador
Cuba
Jamaica
Bahamas
Trinidad and Tobago
Brazil
Venezuela
Colombia
Malawi
Namibia
Mozambique
Armenia
Argentina
Bolivia
Chile
Guyana
Suriname
Sri Lanka
Laos
 
Answer Stats
Answer % Correct
Belize
67%
Costa Rica
67%
Honduras
64%
Nicaragua
64%
Panama
63%
El Salvador
59%
Guatemala
53%
No matching quizzes found
Score Distribution
Percent of People with Each Score
Percentile by Number Answered
Your Score History
You have not taken this quiz